Upravlenije setevymi informacionnymi processami i resursami

Enregistré dans:
Détails bibliographiques
Auteur principal: Zinov'jev, Eduard Vasil'jevič
Format: Livre
Langue:russe
Publié: Riga Zinatne 1987
Édition:1. izd.
Tags: Ajouter un tag
Pas de tags, Soyez le premier à ajouter un tag!

MARC

LEADER 00000nam a2200000 4500
001 c029658
005 20221219133608.8
041 0 |a rus 
044 |a LV 
245 1 0 |a Upravlenije setevymi informacionnymi processami i resursami  |c Eduard Vasil'jevič Zinov'jev 
250 |a 1. izd. 
264 1 |a Riga  |b Zinatne  |c 1987 
300 |a 303 s. 
100 1 |a Zinov'jev, Eduard Vasil'jevič